| 000 | 01223naa a22003377u 4500 | ||
|---|---|---|---|
| 001 | 04068 | ||
| 003 | HDC | ||
| 007 | cr bn ---aaaaa | ||
| 008 | 210114t2010 flu 000 0 eng | ||
| 020 | _a9781439800577 (acidfree paper) | ||
| 040 | _aHDC | ||
| 100 |
_aRoy, A _eauthor _94098 |
||
| 245 | 0 |
_aFood security and soil quality : Chapter 6 _bThe Role of Fertilizers in Food Production / _cby A. Roy ; edited by Rattan Lal and B.A. Stewart. |
|
| 260 |
_aBoca Raton, FL : _bCRC Press, _c2010 |
||
| 300 |
_axiii, 28 pages : _billustrations |
||
| 336 |
_atext _2rdacontent |
||
| 337 |
_acomputer _2rdamedia |
||
| 338 |
_aonline resource _2rdacarrier |
||
| 490 | _aAdvances in soil sciences | ||
| 500 | _aOriginal from book | ||
| 504 | _aIncludes bibliographical references and index. | ||
| 650 |
_aFood production _93722 |
||
| 650 |
_aFood security. _94086 |
||
| 650 |
_aSoils _xQuality. _94087 |
||
| 700 |
_aLal, R. _93407 _eauthor |
||
| 700 |
_aStewart, B. A. _eauthor _92832 |
||
| 856 | _zRequest full-text at [email protected] | ||
| 942 | _2lcc | ||
| 942 | _cCHAP | ||
| 942 | _kEBCH 003331 | ||
| 999 |
_c1393 _d1393 |
||